|
|
|
|
| LEADER |
03207nam a2200565 i 4500 |
| 001 |
000015421 |
| 005 |
20240419124345.0 |
| 008 |
220603s1781 hu e 0 hun d |
| FMT |
|
|
|
| 040 |
|
|
|a SVKKK
|b slo
|c SVKKK
|e rda
|
| 041 |
1 |
|
|a hun
|h lat
|
| 043 |
|
|
|a e-it---
|a e-gr---
|
| 044 |
|
|
|a hu
|c HU
|
| 072 |
|
7 |
|a 931/939
|x Dejiny. Staroveké dejiny
|2 konspekt
|
| 080 |
|
|
|a 94(37)
|2 2011
|
| 080 |
|
|
|a 94(38)
|2 2011
|
| 100 |
1 |
|
|a Iustinus, Marcus Iunianus,
|d činný 2.-3. storočie
|4 aut
|
| 245 |
1 |
0 |
|a Justinusnak Trogus Pompejus negyven négy Könyveibűl ki-válogatott rövid ékes Historiája,
|b Mellyet A’ Magyar Nemzetnek, és a’ kik a’ magyar nyelvet tanúlni, vagy gyakorlani kivánnyák kedvekért Deák nyelvbűl Magyarra forditott Soborsiny Forrai András, Szent István jeles Rendinek kissebb Kereszt viselő Tagja, Felséges Apostoli Királyunk’ Tanátsossa, és Tekintetes Nemes Arad Vármegyének első Vice-Ispánnya 1781dik Esztendőben.
|
| 264 |
|
3 |
|a Egerben,
|b Nyomtattatott A’ Püspöki Oskola Betüivel.
|c 1781
|
| 300 |
|
|
|a 8 nečíslovaných strán, 437 strán, 11 nečíslovaných strán
|a */4,A/4-Z/4,Aa/4-Zz/4,Aaa/4-Kkk/4
|c 22,5x17,5 cm
|
| 336 |
|
|
|a text
|b txt
|2 rdacontent
|
| 337 |
|
|
|a bez média
|b n
|2 rdamedia
|
| 338 |
|
|
|a zväzok
|b nc
|2 rdacarrier
|
| 500 |
|
|
|a Vinety ornamentálne, vineta ornamentálno-figurálna, vlysy ornamentálne, vlysy ornamentálno-figurálne, linky ozdobné, linky, iniciálky s ornamentálnym pozadím vo voľnom priestore na 3, 4 riadky, verzálky na 1, 2, 3 riadky, historicko-chronologické tabuľky, typografické ozdoby, kustódy, tlačené poznámky pod textom v maďarskom jazyku.
|
| 500 |
|
|
|a Na 6.-7. nečíslovanej strane nesignovaný úvod.
|
| 501 |
|
|
|a Príväzok 1.: MOTTE, Gedeon de la. Tentamen Pvblicvm. Agriae 1796.
|
| 508 |
|
|
|a Na 3.-5. nečíslovanej strane úvod prekladateľa Andrása Foraya v závere s textom: "Soborsinba, Kiss-Aszszony havának 22dik napján, 1781. Esztendőben."
|
| 510 |
4 |
|
|a Petrik
|c II/305
|
| 510 |
4 |
|
|a OSZK
|
| 510 |
4 |
|
|a COPAC
|
| 550 |
|
|
|a Rok vydania z textu titulného listu.
|
| 561 |
|
|
|a Pečiatka: Štátna vedecká knižnica v Košiciach
|
| 561 |
|
|
|a Rukopisný provenienčný záznam: Ex Libris Josephi Turcsányi R. Acad Dir Casso Actuarī mp
|
| 562 |
|
|
|a Chybné stránkovanie: namiesto strany 331 je strana 329.
|
| 563 |
|
|
|a Väzba: Lepenka, dosky modrý papier, chrbát modré plátno (doplnené pri konzervovaní knihy v máji 2022).
|
| 650 |
0 |
7 |
|a dejiny starovekého Ríma
|2 SVKKKST
|
| 650 |
0 |
7 |
|a dejiny starovekého Grécka
|2 SVKKKST
|
| 651 |
|
7 |
|a Taliansko
|2 SVKKKST
|
| 651 |
|
7 |
|a Grécko
|2 SVKKKST
|
| 700 |
1 |
|
|a Trogus, Pompeius,
|d činný 1. storočie pr. Kr.-1. storočie
|4 aut
|
| 700 |
1 |
|
|a Forray, András
|d 1718?-1788
|4 trl
|4 aui
|
| 700 |
1 |
|
|a Turcsányi, Jozef
|d 1786-1863
|4 fmo
|
| 710 |
2 |
|
|a Püspöki lyceumi nyomda,
|c Eger,
|d 1766-1949
|4 prt
|
| 752 |
|
|
|a Maďarsko
|d Eger
|
| 852 |
|
|
|a svkkk
|b historické fondy
|p S 834 PA
|
| 910 |
|
|
|a svkkk
|
| 997 |
|
|
|b Trogus, Pomperius p. Iustinus, Marcus Iunianus: Justinusnak Trogus Pompejus negyven négy Könyveibűl ki-válogatott rövid ékes Historiája
|4 aut
|
| 998 |
|
|
|a ST18
|
| BAS |
|
|
|
| OWN |
|
|
|